Formel 1 - Spezial Lackierungen #2 - Statistiken

Allgemein
  • Dieses Quiz wurde 88 mal gespielt
    38 seit der letzten Aktualisierung
  • Das Durchschnittsergebnis liegt bei 16 aus 27
Antwortstatistiken
Bildquiz Antwort % Korrekt
Stake F1 Kick Sauber
100%
Williams
84%
Red Bull
78%
Ferrari
75%
McLaren
75%
2025
72%
2025
72%
Alpine
72%
Williams
72%
2024
66%
Visa Cash App Racing Bulls
66%
2023
63%
2024
63%
2023
59%
2025
59%
Japan (Suzuka)
59%
Monaco (Monte Carlo)
59%
2024
56%
USA (Miami)
50%
2004
44%
USA (Las Vegas)
44%
Belgien (Spa-Francorchamps)
41%
USA (Miami)
41%
Jaguar
31%
USA (Circuit of the Americas)
31%
Monaco (Monte Carlo)
25%
Singapur, Japan, Katar
25%
Keine übereinstimmenden Quizze gefunden
Verteilung der Resultate
Anzahl Personen mit jedem Resultat
Perzentil nach korrekt beantworteten Fragen
Ihre Resultats-Entwicklung
Sie haben dieses Quiz seit der letzten Aktualisierung nicht gespielt